Statistics for Eurovision Trivia #4

Click here to take the quiz!

General Stats

  • This quiz has been taken 10 times
  • The average score is 6 of 19

Answer Stats

HintAnswer% Correct
In 1999, how many countries out of 23 sang in English after the permanent relaxation of the language restriction rule?12
89%
In 2018, how many countries sang in their native language?12
78%
Which are the only two African languages to have ever appeared at Eurovision?Arabic
78%
When was the language restriction rule relaxed for the first time?1973
67%
How many Eurovision performances have included phrases in sign language on stage?4
44%
Swahili
44%
When was the last time a song was performed entirely in Danish?2021
33%
How many times has the winning song been performed in English?33
33%
Which two languages were first heard at the contest in 1971?Maltese
33%
In which two years was the winning song performed in Swedish?1984
22%
1991
22%
In which seven non-Eurovision languages have Eurovision songs been covered in?Azerbaijani
11%
Basque
11%
Japanese
11%
Malay
11%
Provencal
11%
Scottish Gaelic
11%
Viennese
11%
Vietnamese
11%

Score Distribution

Percentile by Number Answered

Percent of People with Each Score

Your Score History

You have not taken this quiz